000 00526nam a2200157 a 4500
008 120416s0000 ||||||||||||||||| || u
020 _a1850916063
050 _aHG 4027.7 Bar
100 _aBarrow, Colin
245 1 0 _aFinancial management for the small business
250 _a2nd ed.
260 _aLondon
_bKogan Page
_c1988
300 _a273p. : ill.
350 _a0.00
995 _D0.00
_FCBU-MAIN LIBRARY (Kitwe)
_H1
_I8.95
_ULOST
_ZMain Library Open Access Collection
999 _c43395
_d43395